Electric power systems

Uloženo v:
Podrobná bibliografie
Hlavní autoři: Weedy, B. M (Autor), Cory, B. J (Autor)
Médium: Kniha
Jazyk:angličtina
Vydáno: Chichester John Wiley 1987
Vydání:4a. ed
Témata:
Tagy: Přidat tag
Žádné tagy, Buďte první, kdo vytvoří štítek k tomuto záznamu!

MARC

LEADER 00000nam a2200000 a 4500
001 UCM1203
003 CL-VaPUC
008 020328e19870000UK |||||||||||||||||eng|d
082 0 4 |a 621.3191  |b WEE  |2 21 
100 0 |a Weedy, B. M  |e author  |9 468177 
700 0 |a Cory, B. J  |e author  |9 468178 
245 1 0 |a Electric power systems 
250 |a 4a. ed 
300 |a 545 p 
942 |c BK 
945 |d 20020328 00:00:00  |a vberengu 
260 |a Chichester  |b John Wiley  |c 1987 
650 0 |a Sistemas de energía eléctrica  |9 462427 
650 0 |a Transmisión de energía eléctrica  |9 263497 
650 7 |a SUBESTACIONES  |2 CL-VaPUC  |9 468179 
650 7 |a POTENCIAL ELECTRICO  |2 CL-VaPUC  |9 468180 
650 0 |a Frecuencia  |9 334661 
583 |a last modification  |c 20020328 00:00:00  |k Rodrigo Vera 
999 |c 299804  |d 299802 
952 |0 0  |1 0  |4 0  |6 621_319100000000000_WEE_1987  |7 0  |8 A  |9 356747  |a BIBING  |b BIBING  |d 2019-11-21  |i 3802043  |o 621.3191 WEE 1987  |p 3802043  |r 2025-01-20  |w 2019-11-21  |y BK  |k ING